| 000 | 00553nam a2200193 a 4500 | ||
|---|---|---|---|
| 005 | 20240213064403.0 | ||
| 008 | 991125s1994 mx 000 0 spa u | ||
| 020 | _a9681642333 | ||
| 035 | _aUPN01000001377 | ||
| 049 | _aI | ||
| 050 | 4 |
_aPZ7 _bB4.68 |
|
| 100 | 1 | _aBlackwood, Gary | |
| 245 | 1 | 0 |
_aAl otro lado de la puerta / _cGary Blackwood ; tr. Catalina Domínguez. |
| 260 |
_aMéxico : _bFCE, _c1994. |
||
| 300 | _a204 p. | ||
| 440 | 0 |
_aA la orilla del viento. _pPara los que leen bien ; _v58 |
|
| 650 | 4 |
_aCiencia ficción _95230 |
|
| 905 | _aInfantil | ||
| 999 |
_c1377 _d1377 |
||